Statistics for Top 15 Countries with Covid-19 Deaths - 1 August

Click here to take the quiz!

General Stats

  • This quiz has been taken 12 times
  • The average score is 16 of 20

Answer Stats

country% Correct
Brazil
100%
Germany
100%
Italy
100%
Mexico
100%
Spain
100%
United States
100%
France
91%
India
91%
Russia
82%
Sweden
82%
United Kingdom
82%
Chile
73%
Belgium
64%
Iran
64%
Netherlands
64%
Peru
64%
Colombia
55%
Ireland
55%
Ecuador
45%
Panama
45%

Score Distribution

Percentile by Number Answered

Percent of People with Each Score

Your Score History

You have not taken this quiz